000 00505 a2200205 4500
001 60957
020 _a9788576356714
041 _apor
090 _aYear 7 028
100 _aParreiras, Ninfa
250 _a. ed.
490 _aIntrépidas leituras
697 _aLiteratura infantojuvenil.
830 _aIntrépidas leituras
856 _u00000e/00000e36.jpg
040 _aBR-BrIDEA
_cBR-BrIDEA
245 1 0 _aCom fio
_c Ninfa Parreiras
260 _a[S.l.]
_bLarousse do Brasil
_c2009
942 _cBK
999 _c60957
_d60957